01660nam a2200385 a 4500001001200000003000800012006001900020007001500039008004100054010001700095020004300112020002700155040002100182035002100203050002300224082001500247245009900262260006200361300003000423490003700453504006600490505019300556533015200749650001800901650003000919650001800949650001900967655002900986700002701015700002201042710001701064830005001081856012601131999001701257ebr10641595CaPaEBRm u cr cn|||||||||101111s2011 pauab sb 001 0 eng d z 2010047515 z9780812242843 (hardcover : alk. paper) z9780812204476 (e-book) aCaPaEBRcCaPaEBR a(OCoLC)79301254914aHT361b.G57 2011eb04a307.7622200aGlobal urbanizationh[electronic resource] /cedited by Eugenie L. Birch and Susan M. Wachter. aPhiladelphia :bUniversity of Pennsylvania Press,cc2011. avi, 376 p. :bill., maps.1 aCity in the twenty-first century aIncludes bibliographical references (p. [331]-361) and index.0 apt. 1. Twenty-first-century population prospect : emerging needs -- pt. 2. Urban spatial growth and development -- pt. 3. Urban governance and finance -- pt. 4. Cases in urban development. aElectronic reproduction.bPalo Alto, Calif. :cebrary,d2013.nAvailable via World Wide Web.nAccess may be limited to ebrary affiliated libraries. 0aUrbanization. 0aCities and townsxGrowth. 0aUrban policy. 0aCity planning. 7aElectronic books.2local1 aBirch, Eugenie Ladner.1 aWachter, Susan M.2 aebrary, Inc. 0aCity in the twenty-first century book series.40uhttp://site.ebrary.com/lib/rucke/Doc?id=10641595zAn electronic book accessible through the World Wide Web; click to view c42875d42875